[Event "BL2-West 1213"]
[Site "Germany"]
[Date "2013.04.14"]
[Round "9.1"]
[White "Kroeze, Frank"]
[Black "Timman, Jan H"]
[Result "0-1"]
[WhiteElo "2408"]
[BlackElo "2578"]
[PlyCount "64"]
[EventDate "2012.10.14"]
[EventType "team-tourn"]
[EventRounds "9"]
[EventCountry "GER"]
[SourceTitle "CBM 154 Extra"]
[Source "ChessBase"]
[SourceDate "2013.06.25"]
[SourceVersion "2"]
[SourceVersionDate "2013.06.25"]
[SourceQuality "1"]
[WhiteTeam "Nordhorn Blanke"]
[BlackTeam "Koeln Porz"]
[WhiteTeamCountry "GER"]
[BlackTeamCountry "GER"]

1. d4 Nf6 2. c4 e6 3. Nc3 Bb4 4. Qc2 d6 5. e3 0-0 6. Bd3 c5 7. Nge2 Nbd7 8. 0-0 a6 9. a3 Ba5 10. b3 Bc7 11. Bb2 cxd4 12. exd4 d5 13. cxd5 exd5 14. Bc1 Re8 15. Bf4 Nf8 16. Bxc7 Qxc7 17. Rac1 Qd6 18. b4 Bd7 19. Qd2 Ng6 20. Qg5 a5 21. Bxg6 hxg6 22. Nf4 axb4 23. axb4 Bf5 24. Qg3 Red8 25. b5 Ra3 26. Rfe1 Qb4 27. Re3 Rc8 28. Nfe2 Qb2 29. Re1 Nh5 30. Qf3 Ra1 31. Ng3 Nxg3 32. Qxg3 Qxc3 0-1

[Event "BL2-West 1213"]
[Site "Germany"]
[Date "2012.11.11"]
[Round "2.1"]
[White "Kroeze, Frank"]
[Black "Huebner, Robert"]
[Result "0-1"]
[WhiteElo "2408"]
[BlackElo "2581"]
[PlyCount "80"]
[EventDate "2012.10.14"]
[EventType "team-tourn"]
[EventRounds "9"]
[EventCountry "GER"]
[SourceTitle "CBM 154 Extra"]
[Source "ChessBase"]
[SourceDate "2013.06.25"]
[SourceVersion "2"]
[SourceVersionDate "2013.06.25"]
[SourceQuality "1"]
[WhiteTeam "Nordhorn Blanke"]
[BlackTeam "Godesberg"]
[WhiteTeamCountry "GER"]
[BlackTeamCountry "GER"]

1. e4 e6 2. d4 d5 3. Nd2 c5 4. exd5 Qxd5 5. Ngf3 cxd4 6. Bc4 Qd8 7. 0-0 Nf6 8. Nb3 Nc6 9. Qe2 a6 10. Rd1 b5 11. Nbxd4 Nxd4 12. Rxd4 Qb6 13. Bd3 Bb7 14. a4 Bc5 15. Rh4 bxa4 16. Rhxa4 0-0 17. Ne5 Rfd8 18. Bg5 Bd4 19. Bxf6 gxf6 20. Nc4 Qc7 21. Na5 f5 22. Nxb7 Qxb7 23. c3 Bf6 24. Rxa6 Rab8 25. Bxf5 Qxb2 26. Bc2 Qxc3 27. Qe4 Rb2 28. Qxh7+ Kf8 29. Ra7 Bg7 30. Qh4 Qf6 31. Qxf6 Bxf6 32. Be4 Rdd2 33. Rf1 Bd4 34. Ra8+ Kg7 35. h3 f5 36. Bf3 e5 37. Rc1 e4 38. Rc7+ Kf6 39. Ra6+ Kg5 40. Bxe4 Rd1+ 0-1

[Event "Oberliga Nord W 1112"]
[Site "Germany"]
[Date "2012.04.15"]
[Round "9.1"]
[White "Mueller, Fabian"]
[Black "Kroeze, Frank"]
[Result "0-1"]
[WhiteElo "2314"]
[BlackElo "2411"]
[PlyCount "94"]
[EventDate "2011.10.02"]
[EventType "team-tourn"]
[EventRounds "9"]
[EventCountry "GER"]
[SourceTitle "EXT 2013"]
[Source "ChessBase"]
[SourceDate "2012.11.22"]
[SourceVersion "1"]
[SourceVersionDate "2012.11.22"]
[SourceQuality "1"]
[WhiteTeam "Salzgitter"]
[BlackTeam "Nordhorn Blanke"]
[WhiteTeamCountry "GER"]
[BlackTeamCountry "GER"]

1. d4 d5 2. c4 dxc4 3. e3 e5 4. Bxc4 Nc6 5. Qb3 Qd7 6. Bd2 exd4 7. Nf3 dxe3 8. fxe3 Nf6 9. 0-0 Bd6 10. Bc3 0-0 11. Nbd2 Qe7 12. e4 Ng4 13. e5 Ncxe5 14. Rae1 Bd7 15. h3 Nxf3+ 16. Nxf3 Bc5+ 17. Kh1 Ne3 18. Bd4 Bxd4 19. Nxd4 Rae8 20. Bxf7+ Kh8 21. Rf3 Qg5 22. Rfxe3 Rxe3 23. Rxe3 Qf4 24. Ne6 Qf1+ 25. Kh2 Rxf7 26. Nxc7 Qf4+ 27. Rg3 Bc6 28. Nd5 Qd4 29. Nb4 Rf1 30. Re3 Qf4+ 31. Rg3 Bxg2 32. Qd3 Be4 33. Qd8+ Qf8 34. Qxf8+ Rxf8 35. Re3 Bg6 36. Kg3 h6 37. Nd3 Rf1 38. Nc5 b6 39. Nd7 Kg8 40. Ra3 Be4 41. Rxa7 Rf3+ 42. Kh2 Rf2+ 43. Kg3 Rxb2 44. a4 Rb3+ 45. Kf4 Bc6 46. Kg4 Rb4+ 47. Kf5 Rxa4 0-1

[Event "Oberliga Nord W 1112"]
[Site "Germany"]
[Date "2012.02.26"]
[Round "7.1"]
[White "Bode, Wilfried"]
[Black "Kroeze, Frank"]
[Result "1/2-1/2"]
[WhiteElo "2356"]
[BlackElo "2411"]
[PlyCount "24"]
[EventDate "2011.10.02"]
[EventType "team-tourn"]
[EventRounds "9"]
[EventCountry "GER"]
[SourceTitle "EXT 2013"]
[Source "ChessBase"]
[SourceDate "2012.11.22"]
[SourceVersion "1"]
[SourceVersionDate "2012.11.22"]
[SourceQuality "1"]
[WhiteTeam "Hameln"]
[BlackTeam "Nordhorn Blanke"]
[WhiteTeamCountry "GER"]
[BlackTeamCountry "GER"]

1. Nf3 c5 2. e4 a6 3. c3 e6 4. d4 d5 5. exd5 exd5 6. Bg5 Be7 7. Bxe7 Qxe7+ 8. Be2 Nf6 9. 0-0 0-0 10. Re1 Be6 11. Nbd2 Nc6 12. Nf1 Qd6 1/2-1/2

[Event "Oberliga Nord W 1112"]
[Site "Germany"]
[Date "2012.02.05"]
[Round "6.1"]
[White "Kroeze, Frank"]
[Black "Laubsch, Bernd"]
[Result "1/2-1/2"]
[WhiteElo "2411"]
[BlackElo "2284"]
[PlyCount "71"]
[EventDate "2011.10.02"]
[EventType "team-tourn"]
[EventRounds "9"]
[EventCountry "GER"]
[SourceTitle "EXT 2013"]
[Source "ChessBase"]
[SourceDate "2012.11.22"]
[SourceVersion "1"]
[SourceVersionDate "2012.11.22"]
[SourceQuality "1"]
[WhiteTeam "Nordhorn Blanke"]
[BlackTeam "Uelzen Post"]
[WhiteTeamCountry "GER"]
[BlackTeamCountry "GER"]

1. e4 c5 2. Nf3 e6 3. Nc3 Nc6 4. d4 cxd4 5. Nxd4 d6 6. Be3 Nf6 7. Be2 Be7 8. 0-0 0-0 9. f4 e5 10. Nb3 exf4 11. Rxf4 Ne8 12. Qd2 Bf6 13. Raf1 Be5 14. R4f2 Be6 15. Nd5 Bxb2 16. c3 Ba3 17. Nf4 Nc7 18. Nxe6 Nxe6 19. Bc4 Qe7 20. Nd4 Ne5 21. Bd5 Bc5 22. Rxf7 Rxf7 23. Bxe6 Bxd4 24. Bxf7+ Nxf7 25. Qxd4 Re8 26. Qxa7 Qxe4 27. Bd4 h6 28. Qa4 Re7 29. Qc4 Qe6 30. Qd3 Ne5 31. Qe2 Nc6 32. Qxe6+ Rxe6 33. Rb1 Nxd4 34. cxd4 Re4 35. Rb4 b5 36. Kf2 1/2-1/2

[Event "Oberliga Nord W 1112"]
[Site "Germany"]
[Date "2011.10.23"]
[Round "2.1"]
[White "Braun, Vitali"]
[Black "Kroeze, Frank"]
[Result "0-1"]
[WhiteElo "2364"]
[BlackElo "2411"]
[PlyCount "84"]
[EventDate "2011.10.02"]
[EventType "team-tourn"]
[EventRounds "9"]
[EventCountry "GER"]
[SourceTitle "EXT 2013"]
[Source "ChessBase"]
[SourceDate "2012.11.22"]
[SourceVersion "1"]
[SourceVersionDate "2012.11.22"]
[SourceQuality "1"]
[WhiteTeam "Braunschweig Gliesmarode"]
[BlackTeam "Nordhorn Blanke"]
[WhiteTeamCountry "GER"]
[BlackTeamCountry "GER"]

1. Nc3 c5 2. Nf3 a6 3. d4 cxd4 4. Nxd4 b5 5. e4 Bb7 6. Bd3 Nc6 7. Be3 e6 8. 0-0 Nf6 9. Qe2 Qc7 10. Nxc6 Bxc6 11. a3 Be7 12. Rae1 0-0 13. Bg5 d6 14. f4 h6 15. Bxf6 Bxf6 16. e5 Bh4 17. g3 Be7 18. Be4 dxe5 19. f5 Bc5+ 20. Kg2 exf5 21. Rxf5 Bd4 22. Nd5 Bxd5 23. Bxd5 Rad8 24. Bb3 Bxb2 25. Ref1 Rd7 26. Kh3 Re7 27. a4 bxa4 28. Bxa4 e4 29. Bb3 e3 30. Bc4 a5 31. R1f3 Bd4 32. g4 a4 33. g5 g6 34. Rd5 Qc8+ 35. Kg2 Qg4+ 36. Rg3 Qe4+ 37. Kg1 Rb8 38. Rxd4 Qxd4 39. gxh6 Qe4 40. Ba2 Kh7 41. Rg4 Qxg4+ 42. Qxg4 e2 0-1